Community is my language classroom! : (Record no. 7285)
[ view plain ]
| 000 -LEADER | |
|---|---|
| fixed length control field | 02028cam a2200289 a 4500 |
| 001 - CONTROL NUMBER | |
| control field | 12944079 |
| 003 - CONTROL NUMBER IDENTIFIER | |
| control field | OCoLC |
| 005 - DATE AND TIME OF LATEST TRANSACTION | |
| control field | 20190205152048.0 |
| 008 - FIXED-LENGTH DATA ELEMENTS--GENERAL INFORMATION | |
| fixed length control field | 851113s1986 caua 000 0 eng |
| 010 ## - LIBRARY OF CONGRESS CONTROL NUMBER | |
| LC control number | 85023884 |
| 020 ## - INTERNATIONAL STANDARD BOOK NUMBER | |
| International Standard Book Number | 0916636062 (pbk.) : |
| Terms of availability | $6.00 (est.) |
| 020 ## - INTERNATIONAL STANDARD BOOK NUMBER | |
| International Standard Book Number | 9780916636067 (pbk.) |
| 035 ## - SYSTEM CONTROL NUMBER | |
| System control number | (OCoLC)12944079 |
| 040 ## - CATALOGING SOURCE | |
| Original cataloging agency | DLC |
| Transcribing agency | DLC |
| Modifying agency | OCL |
| -- | ZID |
| -- | BAKER |
| -- | BTCTA |
| -- | OCLCG |
| 050 00 - LIBRARY OF CONGRESS CALL NUMBER | |
| Classification number | P53.8 |
| Item number | .C66 1986 |
| 082 00 - DEWEY DECIMAL CLASSIFICATION NUMBER | |
| Classification number | 418 |
| Edition number | 19 |
| Item number | B848C |
| 092 ## - LOCALLY ASSIGNED DEWEY CALL NUMBER (OCLC) | |
| Classification number | 418.007 |
| Item number | C73489 |
| 245 00 - TITLE STATEMENT | |
| Title | Community is my language classroom! : |
| Remainder of title | real-life stories from around the world of language learning and missionary ministry by those who are learning through community relationships / |
| Statement of responsibility, etc. | edited by Tom & Betty Sue Brewster. |
| 260 ## - PUBLICATION, DISTRIBUTION, ETC. | |
| Place of publication, distribution, etc. | Pasadena, CA : |
| Name of publisher, distributor, etc. | Lingua House Ministries, |
| Date of publication, distribution, etc. | c1986. |
| 300 ## - PHYSICAL DESCRIPTION | |
| Extent | viii, 246 p. : |
| Other physical details | ill. ; |
| Dimensions | 22 cm. |
| 505 0# - FORMATTED CONTENTS NOTE | |
| Formatted contents note | The art of loving catfish brains / Steve Balkam -- Learning Arabic? In Los Angeles?! / Jo Anne Williams -- Learning without schools, teaching without chalk / Wes & Nancy Collins -- The peaks beckon / Don Curry -- Communicating the Gospel : with a burning nose / Aretta Loving -- Be with people : wait on God / Doug & Patti Magnuson -- Calls / Jeanette Chaffee -- Searching for footprints of God in rural Java / Mickey & Joyce Smith -- Don't count on schooling to learn what counts / Ned Walker -- I like your shirt : give it to me! / Randy & Edie Nelson -- Windows into my world / Doug Curry -- Endurance / Jeanette Chaffee -- Our Viennese waltz / Randy McGirr -- Growing ears for the language / Joe Rouse -- She kissed me / Jeanette Chaffee -- Abu banat : father of daughters / David Owen -- Incarnational living / Hudson Taylor -- My belated bonding / Anneleen Louw -- Unless you become as one of these / Doug & Robyn Priest -- The first stumbling steps / Bruce & Cynthia Hunter. |
| 650 #0 - SUBJECT ADDED ENTRY--TOPICAL TERM | |
| Topical term or geographic name entry element | Language and languages |
| General subdivision | Study and teaching |
| -- | Social aspects. |
| 650 #0 - SUBJECT ADDED ENTRY--TOPICAL TERM | |
| Topical term or geographic name entry element | Missions. |
| 700 1# - ADDED ENTRY--PERSONAL NAME | |
| Personal name | Brewster, Tom, |
| Dates associated with a name | 1939- |
| 700 1# - ADDED ENTRY--PERSONAL NAME | |
| Personal name | Brewster, Betty Sue, |
| Dates associated with a name | 1943- |
| 942 ## - ADDED ENTRY ELEMENTS (KOHA) | |
| Source of classification or shelving scheme | Dewey Decimal Classification |
| Koha item type | Books |
| Withdrawn status | Lost status | Source of classification or shelving scheme | Damaged status | Not for loan | Collection code | Home library | Current library | Shelving location | Date acquired | Cost, normal purchase price | Total Checkouts | Full call number | Barcode | Date last seen | Price effective from | Koha item type |
|---|---|---|---|---|---|---|---|---|---|---|---|---|---|---|---|---|
| Dewey Decimal Classification | Non-fiction | Harvest Mission College | Harvest Mission College | General Stacks | 05.02.2019 | 1350.00 | 418 B848C | 008292 | 05.02.2019 | 05.02.2019 | Books |
